La sentencia civil (Registro nro. 7503)

Detalles MARC
000 -LEADER
fixed length control field 01100 a2200217 4500
001 - CONTROL NUMBER
control field 61963
005 - DATE AND TIME OF LATEST TRANSACTION
control field 20260407155912.0
008 - FIXED-LENGTH DATA ELEMENTS--GENERAL INFORMATION
fixed length control field 260407a1994 arg spa d
003 - CONTROL NUMBER IDENTIFIER
control field AR-UNSa-BCEJYS
040 ## - CATALOGING SOURCE
Original cataloging agency AR-UNSa-BCEJYS
Language of cataloging spa
Transcribing agency AR-UNSa-BCEJYS
080 ## - UNIVERSAL DECIMAL CLASSIFICATION NUMBER
Universal Decimal Classification number 343.8
Common auxiliary subdivision Condena. Ejecución de la sentencia. Cumplimiento de la pena. Prevención del delito (Instituciones penitenciarias)
020 ## - INTERNATIONAL STANDARD BOOK NUMBER
International Standard Book Number 978-950-536-062-8
041 ## - LANGUAGE CODE
Language code of text/sound track or separate title spa
100 1# - MAIN ENTRY--PERSONAL NAME
Personal name Frondizi, Román Julio
245 10 - TITLE STATEMENT
Title La sentencia civil
Name of part/section of a work Temas y variaciones
264 #1 - PRODUCTION, PUBLICATION, DISTRIBUTION, MANUFACTURE, AND COPYRIGHT NOTICE
Place of production, publication, distribution, manufacture La Plata :
Name of producer, publisher, distributor, manufacturer Editora Platense
Date of production, publication, distribution, manufacture, or copyright notice 1994
300 ## - PHYSICAL DESCRIPTION
Extent xxi, 141 p.
Dimensions 23 cm.
505 ## - FORMATTED CONTENTS NOTE
Formatted contents note 1. La sentencia y el proceso - 2. Algunas dificultades y limitaciones – 3. Estructura de la sentencia – 4. La naturaleza de la fundamentación – 5. Las funciones de la fundamentación – 6. Caracteres formales de la fundamentación – 7. Contenido de la fundamentación - 8. Los modelos valorativos – legal standards of conduct – y su aplicación en la sentencia – 9. El estilo de la sentencia.
590 ## - LOCAL NOTE (RLIN)
Local note niveau_biblio:m niveau_hierar:0
942 ## - ADDED ENTRY ELEMENTS (KOHA)
Koha item type
Existencias
Withdrawn status Lost status Damaged status Not for loan Home library Current library Shelving location Date acquired Total checkouts Full call number Barcode Date last seen Price effective from Koha item type
        Biblioteca Prof. Eusebio Cleto del Rey Biblioteca Prof. Eusebio Cleto del Rey   07/04/2026   343.8 F933 L85662 07/04/2026 07/04/2026 Libro